000 00401nam a2200157Ia 4500
008 230312s9999||||xx |||||||||||||| ||und||
020 _a81-7473-382-5
082 _a621.38103
_bSIN-D
100 _aSing;Darshna
245 0 _aDictionary of Electronics
260 _bAitbs Publishers
_aIndia
_c2012
300 _a488
546 _aEng.
650 _aEngineering
_vDictionary of Electronics
942 _cBK
999 _c7724
_d7724